[Event "Pune op U1800 11th"]
[Site "Pune"]
[Date "2024.05.26"]
[Round "9"]
[White "Majhi, Fakir"]
[Black "Soni, Deepak R"]
[Result "1/2-1/2"]
[WhiteElo "1770"]
[BlackElo "1675"]
[PlyCount "80"]
[EventDate "2024.05.24"]
[EventType "swiss"]
[EventRounds "9"]
[EventCountry "IND"]
[SourceTitle "CB22_2024"]
[SourceDate "2024.05.29"]
[SourceVersion "1"]
[SourceVersionDate "2024.05.29"]
[SourceQuality "1"]

1. d4 c5 2. Nf3 Nf6 3. g3 g6 4. Bg2 Bg7 5. 0-0 0-0 6. d5 d6 7. c4 b5 8. cxb5 a6 9. bxa6 Bxa6 10. Nc3 Nbd7 11. Re1 Qa5 12. Bd2 Rfb8 13. Qc2 Ng4 14. h3 Nge5 15. b3 c4 16. Nd4 Qc5 17. Be3 cxb3 18. axb3 Ng4 19. hxg4 Bxd4 20. Bxd4 Qxd4 21. Ra4 Qb6 22. b4 Bb5 23. Rxa8 Rxa8 24. Rb1 Ne5 25. Nxb5 Qxb5 26. Bf1 Nxg4 27. e4 Qb6 28. b5 h5 29. Qe2 Ra3 30. Kg2 Ne5 31. Rc1 Nd3 32. Rb1 h4 33. Qxd3 Rxd3 34. Bxd3 hxg3 35. Kxg3 Qd4 36. Rb3 Qa4 37. Rb1 Qd4 38. Rb3 Qa4 39. Rb1 Qd4 40. Rb3 Qa4 1/2-1/2

[Event "Mumbai Wealth blitz op 5th"]
[Site "Mumbai"]
[Date "2020.01.04"]
[Round "1"]
[White "Yudin, Sergei"]
[Black "Soni, Deepak R"]
[Result "1-0"]
[WhiteElo "2617"]
[BlackElo "1475"]
[PlyCount "101"]
[EventDate "2020.01.04"]
[EventType "swiss (blitz)"]
[EventRounds "11"]
[EventCountry "IND"]
[SourceTitle "CBM 195 Extra"]
[Source "ChessBase"]
[SourceDate "2020.05.31"]
[SourceVersion "1"]
[SourceVersionDate "2020.05.31"]
[SourceQuality "1"]

1. e4 d5 2. exd5 Nf6 3. d4 Bg4 4. Be2 Bxe2 5. Qxe2 Qxd5 6. Nf3 Nc6 7. 0-0 Nxd4 8. Nxd4 Qxd4 9. Qb5+ Qd7 10. Qxb7 Rd8 11. Nc3 c6 12. Qa6 Nd5 13. Ne4 Nb4 14. Qa4 c5 15. Qb3 Qd5 16. Qxd5 Rxd5 17. c3 Nd3 18. Be3 e6 19. c4 Re5 20. Nd2 f5 21. g3 Be7 22. Rad1 Nxb2 23. Rb1 Na4 24. Rb8+ Bd8 25. Bg5 Kd7 26. Nf3 Re2 27. Bxd8 Rxd8 28. Rd1+ Kc7 29. Rbxd8 Nb2 30. R1d2 Re4 31. Rxb2 Kxd8 32. Rb7 Rxc4 33. Rxa7 Rc1+ 34. Kg2 Rc2 35. a4 c4 36. Nd4 Rd2 37. Nxe6+ Ke8 38. Nxg7+ Kf8 39. Ne6+ Ke8 40. Rc7 Re2 41. Ng7+ Kf8 42. Nxf5 Rc2 43. Ne3 Ra2 44. Rxc4 Kf7 45. Rc7+ Kg6 46. Ra7 h5 47. a5 h4 48. gxh4 Kh5 49. Ra8 Kxh4 50. a6 Kg5 51. a7 1-0

[Event "India rating op"]
[Site "India"]
[Date "2019.02.03"]
[Round "8"]
[White "Malla, Nooka Raju"]
[Black "Soni, Deepak R"]
[Result "1-0"]
[WhiteElo "1968"]
[BlackElo "1463"]
[PlyCount "65"]
[EventDate "2019.02.03"]
[EventType "swiss"]
[EventRounds "11"]
[EventCountry "IND"]
[SourceTitle "EXT 2021"]
[Source "ChessBase"]
[SourceDate "2020.10.23"]
[SourceVersion "1"]
[SourceVersionDate "2020.10.23"]
[SourceQuality "1"]

1. e4 e5 2. Nf3 Nc6 3. Bc4 Bc5 4. c3 Nf6 5. d3 d6 6. 0-0 h6 7. Be3 Bb6 8. Nbd2 0-0 9. a4 Re8 10. b4 a6 11. Bxb6 cxb6 12. Re1 Ne7 13. Nf1 Ng6 14. Ng3 Nf4 15. d4 Bg4 16. h3 Bxf3 17. Qxf3 Rc8 18. Bb3 Qc7 19. Re3 Qd7 20. Nf5 Kh7 21. Rd1 g6 22. dxe5 gxf5 23. Rxd6 Qe7 24. Rxf6 Qxe5 25. Rxf7+ Kh8 26. Rxf5 Qd6 27. Rxf4 a5 28. Rf6 Qe5 29. Rxh6+ Kg7 30. Rxb6 axb4 31. Qg4+ Kh7 32. Qg6+ Kh8 33. Qh6# 1-0

[Event "Kalyan op 2nd"]
[Site "Kalyan"]
[Date "2019.02.02"]
[Round "9"]
[White "Soni, Deepak R"]
[Black "Govind, Prabhu Mah"]
[Result "1-0"]
[WhiteElo "1425"]
[BlackElo "1601"]
[PlyCount "94"]
[EventDate "2019.01.29"]
[EventType "swiss"]
[EventRounds "10"]
[EventCountry "IND"]
[SourceTitle "CBM 188 Extra"]
[Source "ChessBase"]
[SourceDate "2019.02.26"]
[SourceVersion "1"]
[SourceVersionDate "2019.02.26"]
[SourceQuality "1"]

1. d4 Nf6 2. Bf4 b6 3. Nf3 Bb7 4. e3 e6 5. Nbd2 Be7 6. Bd3 d6 7. h3 Nbd7 8. 0-0 h6 9. Bh2 g5 10. e4 g4 11. Ne1 gxh3 12. gxh3 Nf8 13. Qe2 Qd7 14. f4 0-0-0 15. Ba6 Rg8+ 16. Kh1 e5 17. f5 exd4 18. a4 Kb8 19. Bxb7 Kxb7 20. a5 b5 21. a6+ Ka8 22. Qf3 Qc6 23. Nd3 d5 24. e5 Ne4 25. Nb3 Qxc2 26. f6 Bxf6 27. exf6 Qxb3 28. Ra3 Qc2 29. Rc1 Qd2 30. Bf4 Ng3+ 31. Bxg3 Ne6 32. Bxc7 Rd7 33. Ba5 Qe3 34. Qxe3 dxe3 35. Ne5 Rd6 36. Nxf7 Rxa6 37. Rxe3 d4 38. Re5 Rf8 39. Nxh6 Rxf6 40. Ng4 Rf8 41. Rxb5 Rb8 42. Rxb8+ Kxb8 43. Be1 Ra2 44. Rb1 Kb7 45. h4 Kc6 46. h5 Ra5 47. Bxa5 Kd5 1-0

[Event "Kalyan op 2nd"]
[Site "Kalyan"]
[Date "2019.01.30"]
[Round "3"]
[White "Soni, Deepak R"]
[Black "Kadam, Om Manish"]
[Result "0-1"]
[WhiteElo "1425"]
[BlackElo "1943"]
[PlyCount "58"]
[EventDate "2019.01.29"]
[EventType "swiss"]
[EventRounds "10"]
[EventCountry "IND"]
[SourceTitle "CBM 188 Extra"]
[Source "ChessBase"]
[SourceDate "2019.02.26"]
[SourceVersion "1"]
[SourceVersionDate "2019.02.26"]
[SourceQuality "1"]

1. d4 Nf6 2. Nf3 e6 3. Bf4 c5 4. e3 b6 5. Nbd2 Bb7 6. Nc4 cxd4 7. Nxd4 d5 8. Nb5 dxc4 9. Nc7+ Ke7 10. Qxd8+ Kxd8 11. Nxa8 Nbd7 12. Bxc4 Bxg2 13. Rg1 Bxa8 14. 0-0-0 Bc6 15. b4 Bf3 16. Rd4 Bxb4 17. Rxg7 Bc5 18. Rd2 Ne4 19. Bg5+ Kc7 20. Rd3 Nd6 21. Bb3 Be4 22. Rd1 Bg6 23. Bf4 e5 24. Bg3 Nf5 25. Ba4 Bd6 26. Rxg6 hxg6 27. Bxd7 Nxg3 28. Ba4 Ne4 29. Bb3 Ba3+ 0-1

[Event "Thane ARMS op 1st"]
[Site "Thane"]
[Date "2018.04.22"]
[Round "9"]
[White "Soni, Deepak R"]
[Black "Satkar, Chirag"]
[Result "1/2-1/2"]
[WhiteElo "1395"]
[BlackElo "1942"]
[PlyCount "59"]
[EventDate "2018.04.21"]
[EventType "swiss (rapid)"]
[EventRounds "9"]
[EventCountry "IND"]
[SourceTitle "CBM 184 Extra"]
[Source "ChessBase"]
[SourceDate "2018.06.28"]
[SourceVersion "1"]
[SourceVersionDate "2018.06.28"]
[SourceQuality "1"]

1. e4 e5 2. Nf3 Nc6 3. d4 exd4 4. Nxd4 Bb4+ 5. c3 Bc5 6. Be3 Bb6 7. Bc4 Nge7 8. 0-0 0-0 9. a4 d6 10. Na3 Nxd4 11. cxd4 d5 12. Bd3 dxe4 13. Bxe4 c6 14. Nc4 Bf5 15. f3 Bc7 16. Qc2 Bg6 17. Rad1 Nd5 18. Bxg6 hxg6 19. Bf2 Qg5 20. Rfe1 Rfe8 21. Qd2 Rxe1+ 22. Qxe1 Rd8 23. Bh4 Qh5 24. Bxd8 Qxh2+ 25. Kf1 Bxd8 26. Qe8+ Kh7 27. Qxd8 Qh1+ 28. Kf2 Qxd1 29. Qh4+ Kg8 30. Qd8+ 1/2-1/2

[Event "Thane ARMS op 1st"]
[Site "Thane"]
[Date "2018.04.21"]
[Round "4"]
[White "Gajanan, Vijay Jayde"]
[Black "Soni, Deepak R"]
[Result "1-0"]
[WhiteElo "1793"]
[BlackElo "1395"]
[PlyCount "49"]
[EventDate "2018.04.21"]
[EventType "swiss (rapid)"]
[EventRounds "9"]
[EventCountry "IND"]
[SourceTitle "CBM 184 Extra"]
[Source "ChessBase"]
[SourceDate "2018.06.28"]
[SourceVersion "1"]
[SourceVersionDate "2018.06.28"]
[SourceQuality "1"]

1. d4 Nf6 2. c4 c5 3. d5 b5 4. cxb5 a6 5. bxa6 g6 6. Nc3 Bxa6 7. e4 Bxf1 8. Kxf1 d6 9. Nf3 Nbd7 10. h3 Bg7 11. g3 Nb6 12. Kg2 Nfd7 13. Qe2 0-0 14. h4 Na4 15. h5 Nxc3 16. bxc3 Bxc3 17. Bb2 Qa5 18. Ng5 Bxb2 19. Qxb2 Rfb8 20. Qc1 Nf6 21. Qf4 Rb4 22. Nxh7 Nxh5 23. Rxh5 gxh5 24. Qg5+ Kxh7 25. Rh1 1-0